Maires et mairesses de Montréal - Statistiques

Statistiques générales
  • Ce quiz a été pris 95 fois
    15 depuis la dernière actualisation
  • Le résultat moyen est 9 sur 56
Statistiques - réponses
Mandat Maire / mairesse % Correct
2017-2025 Valérie Plante
100%
2013-2017 Denis Coderre
92%
2001-2012 Gérald Tremblay
77%
1954-1957 Jean Drapeau
77%
1960-1986 Jean Drapeau
77%
2025-... Soraya Martinez Ferrada
77%
1928-1932 Camilien Houde
31%
1934-1936 Camilien Houde
31%
1938-1940 Camilien Houde
31%
1944-1954 Camilien Houde
31%
1914-1924 Médéric Martin
31%
1926-1928 Médéric Martin
31%
2012-2013 Michael Applebaum
31%
1885-1887 Honoré Beaugrand
23%
1833-1836 Jacques Viger
23%
1986-1994 Jean Doré
23%
1994-2001 Pierre Bourque
23%
1862-1866 Jean-Louis Beaudry
15%
1877-1879 Jean-Louis Beaudry
15%
1881-1885 Jean-Louis Beaudry
15%
1840-1842 Peter McGill
15%
1898-1902 Raymond Préfontaine
15%
1957-1960 Sarto Fournier
15%
1850-1851 Édouard-Raymond Fabre
8%
1887-1889 John Joseph Caldwell Abbott
8%
1894-1896 Joseph-Octave Villeneuve
8%
1936-1938 Adhémar Raynault
0%
1940-1944 Adhémar Raynault
0%
1873-1875 Aldis Bernard
0%
1893-1894 Alphonse Desjardins
0%
1924-1926 Charles Duquette
0%
1871-1873 Charles-Joseph Coursol
0%
1858-1862 Charles-Séraphin Rodier
0%
1851-1854 Charles Wilson
0%
1932-1934 Fernand Rinfret
0%
1873 Francis Cassidy
0%
1906-1908 Henry Archer Ekers
0%
1856-1858 Henry Starnes
0%
1866-1868 Henry Starnes
0%
1904-1906 Hormidas Laporte
0%
1889-1891 Jacques Grenier
0%
1902-1904 James Cochrane
0%
1844-1846 James Ferrier
0%
1910-1912 James John Edmund Guerin
0%
1891-1893 James McShane
0%
1846-1847 John Easton Mills
0%
1842-1844 Joseph Bourret
0%
1847-1850 Joseph Bourret
0%
2013 Laurent Blanchard
0%
1912-1914 Louis-Arsène Lavallée
0%
1908-1910 Louis Payette
0%
1896-1898 Richard Wilson-Smith
0%
1879-1881 Sévère Rivard
0%
1875-1877 William Hales Hingston
0%
1868-1871 William Workman
0%
1854-1856 Wolfred Nelson
0%
Aucun quiz correspondant
Distribution des résultats
% des personnes avec chaque résultat
Percentile par nombre de réponses
Votre historique - résultats
Vous n’avez pas pris ce quiz depuis la dernière actualisation